| 000 | 00672 a2200193 4500 | ||
|---|---|---|---|
| 020 | _a0125255500 | ||
| 020 | _a9780125255509 | ||
| 082 | _a515.83 | ||
| 090 |
_c1098 _d1098 |
||
| 100 | 1 | _aOldham, Keith B. | |
| 245 | 1 | 0 |
_aFractional calculus / _cKeith B. Oldham, Jerome Spanier. |
| 260 |
_a[S.l.] : _bElsevier Science, _c1974. |
||
| 300 | _a322 p. | ||
| 490 | 1 |
_aMathematics in science and engineering ; _vVol. 111. |
|
| 700 | 1 | _aSpanier, Jerome. | |
| 830 | 0 | _aMathematics in science and engineering ; | |
| 942 |
_aSNS _cBK _k515.83 OLD |
||
| 999 |
_c29715 _d29715 |
||